NLSUI OPAC header image

The rights of the girl child in India: A view from the outside looking in (Record no. 36614)

MARC details
000 -LEADER
fixed length control field 00509nam a2200157Ia 4500
008 - FIXED-LENGTH DATA ELEMENTS--GENERAL INFORMATION
fixed length control field 160316s1994 xxu||||| |||| 00| 0 eng d
082 ## - DEWEY DECIMAL CLASSIFICATION NUMBER
Classification number 362.830000
Item number PAU
100 ## - MAIN ENTRY--PERSONAL NAME
Personal name Pauls Dawn
245 ## - TITLE STATEMENT
Title The rights of the girl child in India: A view from the outside looking in
250 ## - EDITION STATEMENT
Edition statement
260 ## - PUBLICATION, DISTRIBUTION, ETC.
Place of publication, distribution, etc. Delhi
Name of publisher, distributor, etc. Women's Line: Indian Social Institute
Date of publication, distribution, etc. 1994
300 ## - PHYSICAL DESCRIPTION
Extent 6
Other physical details
Dimensions
365 ## - TRADE PRICE
Price amount
650 ## - SUBJECT ADDED ENTRY--TOPICAL TERM
Topical term or geographic name entry element 1. Girl child - development - rights<br/>2. Marriage - dowry - child labour<br/>3. Female foeticide
700 ## - ADDED ENTRY--PERSONAL NAME
Personal name
--
Holdings
Withdrawn status Lost status Damaged status Not for loan Home library Current library Shelving location Date acquired Total Checkouts Full call number Barcode Date last seen Price effective from Koha item type
        . .   30.05.2017   362.83 PAU REP300106 30.05.2017 30.05.2017 Repository